000 01002nam a22003377a 4500
001 000578
003 DO-SdBPM
005 20250711070527.0
007 ta
008 161020b2007 ck |||| 00| 0 spa d
020 _a9789962010395
040 _aDO-SdBPM
_bspa
_cBPMSU
_erda
082 4 _aP863.6
_bF676s 2007
_2 22
100 1 _aFonseca Mora, Ramón,
_d1952-
_eautor
245 1 0 _aSoñar con la ciudad /
_cRamón Fonseca Mora.
250 _a
260 _b
264 _aSan José, Costa Rica :
_bSan José, Costa Rica :
_c2007.
300 _a233 páginas ;
_c21 cm.
336 _atexto
_btxt
_2rdacontent
337 _asin mediación
_bn
_2rdamedia
338 _avolumen
_bnc
_2rdacarrier
490 0 _aAlfaguara juvenil.
500 _aIncluye datos biográficos del autor.
500 _a
590 _aInventariado, 2025/VM
650 7 _aNovela juvenil panameña
650 7 _aCampesinos
_vNovela juvenil
910 _aVMateo V. Control de calidad BPMSU
942 _2ddc
_cBK
999 _c11628
_d11628